The poetry of Robert Frost
Compilación completa de la poesía publicada por el escritor estadounidense Robert Frost, este volumen ofrece el contenido total de sus once libros de poesía, desde “A Boy 's Will” hasta “In the Clearing”. El editor de esta obra es Edward Thomas, un amigo de Frost, y quien anotó los más de 350 p...
Uloženo v:
| Hlavní autor: | |
|---|---|
| Médium: | Kniha |
| Jazyk: | Undetermined |
| Vydáno: |
New York, Estados Unidos
Holt, Rinehart and Winston
1975
|
| Témata: | |
| Tagy: |
Přidat tag
Žádné tagy, Buďte první, kdo vytvoří štítek k tomuto záznamu!
|
MARC
| LEADER | 00000nam a2200000Ia 4500 | ||
|---|---|---|---|
| 008 | 170316s9999 xx 000 0 und d | ||
| 040 | |a cru BVZT | ||
| 090 | |a 810 F-26po | ||
| 100 | |a Frost, Robert |9 804 | ||
| 245 | 4 | |a The poetry of Robert Frost |c / Robert Frost | |
| 260 | |a New York, Estados Unidos | ||
| 260 | |b Holt, Rinehart and Winston | ||
| 260 | |c 1975 | ||
| 300 | |a 607 páginas | ||
| 520 | |a Compilación completa de la poesía publicada por el escritor estadounidense Robert Frost, este volumen ofrece el contenido total de sus once libros de poesía, desde “A Boy 's Will” hasta “In the Clearing”. El editor de esta obra es Edward Thomas, un amigo de Frost, y quien anotó los más de 350 poemas de esta colección, que ha sido la edición estándar de la obra de este poeta desde que apareció por primera vez en 1969. | ||
| 650 | |a LITERATURA ESTADOUNIDENSE |9 25 | ||
| 650 | |a EN IDIOMA INGLÉS |9 129 | ||
| 650 | |a POESÍA |9 18 | ||
| 999 | |c 5624 |d 5624 | ||
| 942 | |c 15 D |h 810 F-26po |2 z | ||
